[Event "GER-ch 80th"]
[Site "Saarbruecken"]
[Date "2009.02.10"]
[Round "5"]
[White "Deglmann, Ludwig"]
[Black "Von Herman, Ulf"]
[Result "1-0"]
[WhiteElo "2325"]
[BlackElo "2378"]
[EventDate "2009.02.06"]
[PlyCount "85"]

1. g3 g6 2. Bg2 Bg7 3. c4 c5 4. Nc3 Nc6 5. a3 b6 6. b4 Bb7 7. bxc5 bxc5 8. Rb1 Qc8 9. Nh3 Nd8 10. O-O Bxg2 11. Kxg2 Nf6 12. Qa4 Ne6 13. Nd5 h5 14. Bb2 Kf8 15. e3 Ne4 16. Qc2 Nd6 17. Nhf4 h4 18. g4 Nxf4+ 19. Nxf4 Qc6+ 20. f3 e6 21. Bxg7+ Kxg7 22. Qc3+ f6 23. h3 Nf7 24. Qc2 Rh6 25. Qe4 Qxe4 26. fxe4 Nd6 27. d3 Rhh8 28. Rb3 Rab8 29. Rfb1 Rxb3 30. Rxb3 Kf7 31. Kf3 Rc8 32. Ne2 Ke7 33. Nc3 Rc6 34. a4 Nf7 35. a5 Ng5+ 36. Kg2 Rd6 37. Na4 Ra6 38. Rb5 d6 39. Nc3 Nf7 40. d4 cxd4 41. exd4 Nd8 42. d5 Kd7 43. Na2 1-0

[Event "GER-ch 80th"]
[Site "Saarbruecken"]
[Date "2009.02.10"]
[Round "5"]
[White "Gross, Georg"]
[Black "Zelbel, Patrick"]
[Result "0-1"]
[WhiteElo "2351"]
[BlackElo "2294"]
[EventDate "2009.02.06"]
[PlyCount "52"]

1. d4 Nf6 2. Nf3 g6 3. g3 Bg7 4. Bg2 O-O 5. O-O d6 6. c4 Nc6 7. d5 Na5 8. Nfd2 c5 9. a3 Nd7 10. Ra2 Ne5 11. Qc2 Bf5 12. e4 Bd7 13. b3 b5 14. Bb2 bxc4 15. bxc4 Rb8 16. Bc3 Qb6 17. f4 Nexc4 18. Bxg7 Nxd2 19. Rb2 Qc7 20. Bxf8 Nxf1 21. Rxb8 Qxb8 22. Qc3 f6 23. Bxf1 Qxb1 24. Kf2 Kxf8 25. Qxa5 Qxe4 26. Qxa7 Qd4+ 0-1

[Event "GER-ch 80th"]
[Site "Saarbruecken"]
[Date "2009.02.10"]
[Round "5"]
[White "Hirneise, Jens"]
[Black "Riegler, Dieter"]
[Result "1/2-1/2"]
[WhiteElo "2325"]
[BlackElo "2142"]
[EventDate "2009.02.06"]
[PlyCount "48"]

1. e4 c5 2. Nf3 Nc6 3. d4 cxd4 4. Nxd4 Nf6 5. Nc3 e5 6. Ndb5 d6 7. Bg5 a6 8. Na3 b5 9. Nd5 Be7 10. Bxf6 Bxf6 11. c3 Ne7 12. Nxf6+ gxf6 13. Qh5 f5 14. Bd3 Rb8 15. exf5 Nd5 16. g3 Bb7 17. f3 Nf6 18. Qh4 Bxf3 19. Rf1 e4 20. Rxf3 exf3 21. O-O-O Rg8 22. h3 Qe7 23. g4 Nd7 24. Qf2 Ne5 1/2-1/2

[Event "GER-ch 80th"]
[Site "Saarbruecken"]
[Date "2009.02.10"]
[Round "5"]
[White "Hirneise, Tobias"]
[Black "Wichmann, Cliff"]
[Result "1/2-1/2"]
[WhiteElo "2426"]
[BlackElo "2389"]
[EventDate "2009.02.06"]
[PlyCount "84"]

1. d4 d5 2. c4 dxc4 3. Nf3 Nf6 4. e3 e6 5. Bxc4 c5 6. O-O a6 7. dxc5 Bxc5 8. Qxd8+ Kxd8 9. Ne5 Ke7 10. Be2 Nbd7 11. Nc4 Ne4 12. Nbd2 Ndf6 13. Bf3 Ng5 14. Nb3 Nxf3+ 15. gxf3 Ba7 16. Bd2 Nd7 17. Bb4+ Kf6 18. Rfd1 Nb8 19. Bc3+ Ke7 20. Ne5 Nc6 21. Nxc6+ bxc6 22. Bb4+ c5 23. Bxc5+ Bxc5 24. Nxc5 e5 25. Rac1 Ra7 26. Nd3 f6 27. Nb4 Kf7 28. Nc6 Rd7 29. Kf1 Rxd1+ 30. Rxd1 Bh3+ 31. Ke2 Rc8 32. Nb4 a5 33. Nd3 Rc2+ 34. Rd2 Bf1+ 35. Kd1 Rc7 36. Ke1 Bh3 37. Ke2 Bc8 38. e4 g5 39. Ke3 Ba6 40. Rd1 Rc2 41. Rd2 Rc6 42. Rd1 Rc2 1/2-1/2

[Event "GER-ch 80th"]
[Site "Saarbruecken"]
[Date "2009.02.10"]
[Round "5"]
[White "Hort, Alexej"]
[Black "Mayer, Frank1"]
[Result "1-0"]
[WhiteElo "2232"]
[BlackElo "2331"]
[EventDate "2009.02.06"]
[PlyCount "69"]

1. e4 c5 2. Nf3 e6 3. d4 cxd4 4. Nxd4 a6 5. Nc3 Qc7 6. a3 Nc6 7. Be3 Nf6 8. Be2 Be7 9. f4 d6 10. g4 h6 11. g5 hxg5 12. fxg5 Nd7 13. Qd2 Nce5 14. O-O-O Rh3 15. g6 Nxg6 16. Bg4 Rh7 17. Bxe6 fxe6 18. Nxe6 Qa5 19. Qf2 Ngf8 20. Rhf1 Nxe6 21. Qf7+ Kd8 22. Nd5 Qxd5 23. exd5 Nef8 24. Rde1 g6 25. Qg8 Kc7 26. Rf7 Rxf7 27. Qxf7 Bh4 28. Re2 b5 29. Bd2 a5 30. Re4 Bf6 31. c4 Kb6 32. Be3+ Ka6 33. c5 dxc5 34. Re6+ Nxe6 35. dxe6 1-0

[Event "GER-ch 80th"]
[Site "Saarbruecken"]
[Date "2009.02.10"]
[Round "5"]
[White "Markgraf, Alexander"]
[Black "Baramidze, David"]
[Result "1/2-1/2"]
[WhiteElo "2463"]
[BlackElo "2548"]
[EventDate "2009.02.06"]
[PlyCount "49"]

1. e4 e5 2. Nf3 Nc6 3. Bc4 Bc5 4. c3 Nf6 5. d3 a6 6. Bb3 d6 7. O-O Ba7 8. Nbd2 O-O 9. h3 h6 10. Re1 Re8 11. Nf1 Be6 12. Be3 Qd7 13. Bxa7 Rxa7 14. Ne3 Raa8 15. Nh2 d5 16. Nhg4 Nxg4 17. exd5 Nxe3 18. dxe6 Nxd1 19. exd7 Re7 20. Bxd1 Rxd7 21. Bf3 Rxd3 22. Bxc6 bxc6 23. Rxe5 Rd2 24. b4 Rad8 25. Rae1 1/2-1/2

[Event "GER-ch 80th"]
[Site "Saarbruecken"]
[Date "2009.02.10"]
[Round "5"]
[White "Mueller, Reinhold"]
[Black "Vatter, Hans Joachim"]
[Result "1/2-1/2"]
[WhiteElo "2229"]
[BlackElo "2322"]
[EventDate "2009.02.06"]
[PlyCount "112"]

1. d4 Nf6 2. c4 e6 3. Nf3 b6 4. g3 Ba6 5. Nbd2 d5 6. Bg2 Bd6 7. Qa4+ Qd7 8. Qc2 c5 9. O-O O-O 10. e4 Nxe4 11. Nxe4 dxe4 12. Qxe4 Bb7 13. Qd3 h6 14. Rd1 Qe7 15. dxc5 Bxc5 16. Ne5 Bxg2 17. Kxg2 Qb7+ 18. Qf3 Qxf3+ 19. Kxf3 Rc8 20. Be3 Nc6 21. Nxc6 Rxc6 22. b3 Bxe3 23. Kxe3 Rc7 24. Rd6 Kf8 25. Rad1 Ke7 26. a4 g5 27. R1d3 h5 28. Kd2 Rg8 29. Kc3 Rg6 30. a5 bxa5 31. Ra6 Rf6 32. Rd2 Rf3+ 33. Kc2 Rb7 34. Rxa5 Rfxb3 35. Rxg5 h4 36. Ra5 hxg3 37. hxg3 Kf6 38. Kd1 Rc3 39. Rc2 Rb1+ 40. Kd2 Rxc2+ 41. Kxc2 Rf1 42. c5 Rxf2+ 43. Kc3 Rf3+ 44. Kb4 Rxg3 45. c6 e5 46. c7 Rg8 47. Kc5 Ke6 48. Ra6+ Kf5 49. Rxa7 Kf4 50. Rb7 Rc8 51. Kd6 e4 52. Rb8 Rxc7 53. Kxc7 e3 54. Kd6 e2 55. Re8 Kf3 56. Rxe2 Kxe2 1/2-1/2

[Event "GER-ch 80th"]
[Site "Saarbruecken"]
[Date "2009.02.10"]
[Round "5"]
[White "Prusikin, Michael"]
[Black "Heinig, Wolfram"]
[Result "1-0"]
[WhiteElo "2529"]
[BlackElo "2328"]
[EventDate "2009.02.06"]
[PlyCount "77"]

1. e4 c6 2. d4 d5 3. f3 dxe4 4. fxe4 e5 5. Nf3 exd4 6. Bc4 Nf6 7. Ng5 Be6 8. Nxe6 fxe6 9. O-O e5 10. Bg5 Nbd7 11. Nd2 Be7 12. Qf3 Qc7 13. Bxf6 Nxf6 14. Qh3 Rf8 15. Nf3 b5 16. Bb3 c5 17. Be6 Rb8 18. a4 bxa4 19. Ra2 a3 20. b3 a5 21. Bc4 Nxe4 22. Rxa3 Nc3 23. Qh5+ g6 24. Qxh7 e4 25. Qxg6+ Kd8 26. Ng5 Rxf1+ 27. Bxf1 Bxg5 28. Qxg5+ Kd7 29. Bc4 Re8 30. b4 cxb4 31. Qf5+ Kd6 32. Rxa5 Qxc4 33. Qf6+ Qe6 34. Qxd4+ Kc7 35. Rc5+ Kb7 36. Qxb4+ Qb6 37. Qxb6+ Kxb6 38. Rxc3 e3 39. Kf1 1-0

[Event "GER-ch 80th"]
[Site "Saarbruecken"]
[Date "2009.02.10"]
[Round "5"]
[White "Stahr, Ralf Peter"]
[Black "Mehlhorn, Uwe"]
[Result "0-1"]
[WhiteElo "2158"]
[BlackElo "2151"]
[EventDate "2009.02.06"]
[PlyCount "94"]

1. c4 g6 2. Nc3 Bg7 3. d4 d6 4. e4 e5 5. dxe5 dxe5 6. Qxd8+ Kxd8 7. f4 exf4 8. Bxf4 Bxc3+ 9. bxc3 Bd7 10. O-O-O Kc8 11. Nf3 Ne7 12. Ne5 Be6 13. Be2 Na6 14. Nxf7 Bxf7 15. Bg4+ Kb8 16. Rd7 Re8 17. Rhd1 b6 18. Bg5 Nc6 19. Rxf7 Ne5 20. Rf4 Nc5 21. Be2 Ne6 22. Bh6 Nxf4 23. Bxf4 Kb7 24. Rd5 Nc6 25. Rd7 Re7 26. Rxe7 Nxe7 27. Kd2 Re8 28. Bf3 Kc8 29. e5 Kd7 30. Ke3 Nf5+ 31. Ke4 Ng7 32. Bg5 Ne6 33. Bg4 h5 34. Bh3 Kc6 35. Bf6 Nc5+ 36. Kd4 Nd7 37. Bg7 Re7 38. Bh8 Rh7 39. e6 Rxh8 40. exd7 Kd6 41. Ke4 Rf8 42. g4 h4 43. g5 c6 44. Bg4 Ke7 45. h3 Rf1 46. a4 Rc1 47. Kd4 Rg1 0-1

[Event "GER-ch 80th"]
[Site "Saarbruecken"]
[Date "2009.02.10"]
[Round "5"]
[White "Sternheimer, Erhard"]
[Black "Hundack, Rolf"]
[Result "1-0"]
[WhiteElo "2224"]
[BlackElo "2139"]
[EventDate "2009.02.06"]
[PlyCount "113"]

1. d4 Nf6 2. c4 e6 3. Nf3 d5 4. e3 Be7 5. Nc3 O-O 6. b3 c5 7. Bd3 Nc6 8. O-O b6 9. Bb2 Bb7 10. Rc1 cxd4 11. exd4 Rc8 12. Ne2 Re8 13. a3 Bf8 14. Re1 g6 15. Ng3 Bg7 16. c5 bxc5 17. dxc5 Rc7 18. b4 a6 19. Qd2 Rce7 20. Ne5 Nxe5 21. Bxe5 Ne4 22. Qb2 f6 23. c6 Bc8 24. Bb8 Qb6 25. Bf4 Nxg3 26. Be3 Qc7 27. hxg3 e5 28. a4 f5 29. Bf1 f4 30. Bc5 e4 31. Qb3 Rf7 32. Qxd5 e3 33. fxe3 f3 34. gxf3 Qxg3+ 35. Bg2 Bh3 36. Re2 Be6 37. Qe4 h5 38. b5 axb5 39. axb5 h4 40. b6 h3 41. c7 Be5 42. f4 Bc8 43. fxe5 Rxe5 44. Bd6 Rxe4 45. Bxg3 hxg2 46. b7 Bxb7 47. c8=Q+ Bxc8 48. Rxc8+ Kg7 49. Kxg2 Kh6 50. Rc5 g5 51. Re5 Rb4 52. Rf2 Rd7 53. Rf6+ Kh5 54. Bf4 Rg7 55. Rff5 Kh4 56. Bxg5+ Kg4 57. Rf4+ 1-0

[Event "GER-ch 80th"]
[Site "Saarbruecken"]
[Date "2009.02.10"]
[Round "5"]
[White "Strohhaeker, Raoul"]
[Black "Strache, Michael"]
[Result "1-0"]
[WhiteElo "2451"]
[BlackElo "2218"]
[EventDate "2009.02.06"]
[PlyCount "37"]

1. e4 e5 2. Nf3 Nc6 3. Bc4 Nf6 4. Ng5 d5 5. exd5 Na5 6. Bb5+ c6 7. dxc6 bxc6 8. Qf3 Be7 9. Bd3 O-O 10. Bf5 Ba6 11. d3 g6 12. Bh3 Nd5 13. Nxf7 Rxf7 14. Be6 Qe8 15. Bd2 Nb7 16. Nc3 Nf4 17. Bxf4 exf4 18. Bxf7+ Qxf7 19. Qxc6 1-0

[Event "GER-ch 80th"]
[Site "Saarbruecken"]
[Date "2009.02.10"]
[Round "5"]
[White "Strunski, Andreas"]
[Black "Mueller, Hans Georg"]
[Result "1-0"]
[WhiteElo "2287"]
[BlackElo "2250"]
[EventDate "2009.02.06"]
[PlyCount "79"]

1. d4 d6 2. c4 e5 3. Nf3 e4 4. Ng5 f5 5. Nc3 Be7 6. Nh3 Nf6 7. g3 c6 8. Bg2 O-O 9. O-O Na6 10. d5 Nc7 11. Nf4 g5 12. Nh3 h6 13. f3 cxd5 14. cxd5 exf3 15. exf3 b5 16. a3 a5 17. f4 g4 18. Nf2 Bb7 19. Qb3 b4 20. axb4 axb4 21. Rxa8 Qxa8 22. Qxb4 Rf7 23. Rd1 h5 24. Qc4 Bf8 25. b4 h4 26. gxh4 Nh5 27. b5 Qd8 28. Nh1 Qxh4 29. Be3 Rh7 30. Bf2 Qf6 31. b6 Na6 32. Ng3 Ng7 33. Ra1 Ne8 34. Bd4 Qh6 35. Rxa6 Qxh2+ 36. Kf2 Be7 37. Nce2 Bxa6 38. Qxa6 Bh4 39. b7 Re7 40. b8=Q 1-0

[Event "GER-ch 80th"]
[Site "Saarbruecken"]
[Date "2009.02.10"]
[Round "5"]
[White "Westphal, Wolfgang"]
[Black "Tabatt, Hendrik"]
[Result "0-1"]
[WhiteElo "2242"]
[BlackElo "2322"]
[EventDate "2009.02.06"]
[PlyCount "104"]

1. e4 c5 2. Nf3 e6 3. d4 cxd4 4. Nxd4 Qa5+ 5. c3 Nf6 6. Nd2 a6 7. g3 e5 8. N4b3 Qc7 9. Bg2 b6 10. Nf1 Bb7 11. Ne3 d6 12. O-O Nbd7 13. Qd3 a5 14. a4 Ba6 15. c4 Rc8 16. Nd2 Nc5 17. Qb1 Be7 18. b3 O-O 19. Ba3 g6 20. Qc2 Bb7 21. Rac1 Ne6 22. Nb1 Nd4 23. Qd3 Nd7 24. Nc3 Nxb3 25. Rb1 Nbc5 26. Qe2 Qb8 27. Rfd1 Qa8 28. Ned5 Bd8 29. Bh3 Rc6 30. Nb5 Qb8 31. Rd2 Nf6 32. Bxc5 Rxc5 33. Nxf6+ Bxf6 34. Nxd6 Bc6 35. Nb5 Rd8 36. Rbd1 Rxd2 37. Rxd2 Kg7 38. Nc3 Qe8 39. Rb2 Bd8 40. Nb5 Qf8 41. Qd3 Qe7 42. Rd2 Bc7 43. Bd7 Bb7 44. Nxc7 Rxc7 45. Bb5 Qc5 46. h4 Bc8 47. Kg2 Be6 48. Qd8 Bxc4 49. h5 Be6 50. h6+ Kxh6 51. Qf6 Qe7 52. Qh8 Rc8 0-1

[Event "GER-ch 80th"]
[Site "Saarbruecken"]
[Date "2009.02.10"]
[Round "5"]
[White "Zierke, Oliver"]
[Black "Wippermann, Till"]
[Result "1/2-1/2"]
[WhiteElo "2300"]
[BlackElo "2456"]
[EventDate "2009.02.06"]
[PlyCount "155"]

1. d4 Nf6 2. Nf3 e6 3. Bg5 h6 4. Bxf6 Qxf6 5. e4 d6 6. Nc3 Bd7 7. Qd2 g5 8. e5 Qd8 9. O-O-O g4 10. Ng1 dxe5 11. dxe5 Nc6 12. f4 gxf3 13. Nxf3 Qe7 14. Ne4 O-O-O 15. Qc3 Qb4 16. Qe3 Qa5 17. Bc4 Bg7 18. Nc5 Qb6 19. Rhe1 Ne7 20. Qa3 Nc6 21. Nxd7 Rxd7 22. Rxd7 Kxd7 23. Qd3+ Kc8 24. Bb3 Qb4 25. c3 Qf4+ 26. Kb1 Nxe5 27. Nxe5 Bxe5 28. Rf1 Qxh2 29. Rxf7 Qg1+ 30. Qf1 Qxf1+ 31. Rxf1 Kd7 32. Re1 Kd6 33. Rd1+ Ke7 34. Re1 Kf6 35. Rf1+ Kg5 36. Bxe6 Bf4 37. Bd5 b6 38. Kc2 h5 39. Bf3 h4 40. Rd1 Re8 41. Rd4 Re3 42. Rd5+ Kg6 43. Rd4 Kf5 44. Rd5+ Kf6 45. Rd4 Bg3 46. Kd2 Re1 47. Bb7 Ra1 48. a4 Rf1 49. Re4 Kf5 50. Re8 Bf4+ 51. Kd3 Rd1+ 52. Kc2 Rd2+ 53. Kb3 Be5 54. Re7 Kf4 55. Rf7+ Kg3 56. Rf3+ Kh2 57. Rh3+ Kg1 58. Rxh4 Bg3 59. Rh7 a5 60. Rf7 Kh2 61. Rf5 Kg1 62. Rh5 Kf2 63. Rb5 Rd6 64. Rf5+ Kg1 65. Bf3 Rd2 66. Rd5 Rxd5 67. Bxd5 Kf2 68. Kc4 Ke3 69. b4 Be1 70. bxa5 bxa5 71. g4 Kf4 72. Be6 Ke5 73. Bc8 Bd2 74. Kd3 Bg5 75. Bb7 Bc1 76. Bf3 Bg5 77. c4 c5 78. Bb7 1/2-1/2

[Event "GER-ch 80th"]
[Site "Saarbruecken"]
[Date "2009.02.10"]
[Round "5"]
[White "Zude, Arno"]
[Black "Fridman, Daniel"]
[Result "1/2-1/2"]
[WhiteElo "2465"]
[BlackElo "2650"]
[EventDate "2009.02.06"]
[PlyCount "87"]

1. e4 e6 2. d4 d5 3. Nc3 h6 4. Nf3 Nf6 5. Bd3 Bb4 6. exd5 exd5 7. O-O O-O 8. h3 Re8 9. a3 Ba5 10. b4 Bb6 11. Re1 Rxe1+ 12. Qxe1 Nc6 13. Ne2 Bd7 14. Be3 Ne7 15. Ng3 Be6 16. c3 Nc8 17. Ne5 Nd6 18. f3 a5 19. Bf2 c6 20. Rd1 Bc7 21. Qe2 axb4 22. axb4 Ra3 23. Be1 Qa8 24. f4 Ra2 25. Rd2 Ra1 26. Rd1 Rxd1 27. Qxd1 Nfe4 28. Qb1 f6 29. Nf3 f5 30. Ne2 g5 31. fxg5 hxg5 32. Qc1 Bd8 33. h4 g4 34. Qh6 Bf7 35. Ne5 Qa1 36. Kf1 g3 37. Bxe4 Nxe4 38. Ng6 Bf6 39. Qf8+ Kh7 40. Qxf7+ Kh6 41. Nef4 Qd1 42. Qe8 Nd2+ 43. Kg1 Ne4 44. Kf1 1/2-1/2

[Event "GER-ch 80th"]
[Site "Saarbruecken"]
[Date "2009.02.10"]
[Round "5"]
[White "Zude, Erik"]
[Black "Boidman, Yuri"]
[Result "1/2-1/2"]
[WhiteElo "2397"]
[BlackElo "2415"]
[EventDate "2009.02.06"]
[PlyCount "95"]

1. d4 Nf6 2. c4 c6 3. Nc3 d5 4. Nf3 e6 5. Bg5 Nbd7 6. e3 Qa5 7. Bxf6 Nxf6 8. Bd3 c5 9. cxd5 Nxd5 10. O-O Nxc3 11. bxc3 Be7 12. Qb1 g6 13. h4 O-O 14. h5 cxd4 15. hxg6 hxg6 16. cxd4 Qh5 17. Rc1 Kg7 18. Kf1 b6 19. Qb5 Qxb5 20. Bxb5 Ba3 21. Rc7 Bd6 22. Rc3 Bb7 23. Rac1 Rac8 24. Rxc8 Rxc8 25. Rxc8 Bxc8 26. Ke2 Bb7 27. g3 a6 28. Bd3 b5 29. Nd2 f5 30. e4 Bb4 31. f3 Kf6 32. Nb3 Bc6 33. Ke3 a5 34. d5 exd5 35. exd5 Be8 36. Nd4 Bc5 37. f4 Ke7 38. Be2 Kd6 39. Bf3 b4 40. Kd3 a4 41. Kc4 Bxd4 42. Kxd4 Bf7 43. Bd1 Bxd5 44. Bxa4 Bxa2 45. Be8 Be6 46. Bxg6 b3 47. Kc3 Kc5 48. Bxf5 1/2-1/2

[Event "GER-ch 80th"]
[Site "Saarbruecken"]
[Date "2009.02.11"]
[Round "6"]
[White "Bastian, Herbert"]
[Black "Markgraf, Alexander"]
[Result "1/2-1/2"]
[WhiteElo "2361"]
[BlackElo "2463"]
[EventDate "2009.02.06"]
[PlyCount "234"]

1. e4 c5 2. Nc3 Nc6 3. g3 g6 4. Bg2 Bg7 5. d3 d6 6. f4 e6 7. Nf3 Nge7 8. O-O O-O 9. Be3 b6 10. Bf2 Ba6 11. Re1 Qc7 12. Rb1 Rad8 13. a3 Nd4 14. Nxd4 cxd4 15. Ne2 e5 16. c4 f5 17. exf5 gxf5 18. Qa4 Bc8 19. b4 Kh8 20. Rbc1 Bd7 21. b5 Ng6 22. Qb4 Rc8 23. a4 Rfe8 24. Qd2 a5 25. bxa6 Bxa4 26. Qb4 Bc6 27. Bxc6 Qxc6 28. Rb1 Qf3 29. Qxb6 Rg8 30. Qb7 Qxd3 31. a7 Qe4 32. Qa6 Qf3 33. Qxd6 Nh4 34. Qd5 Qxd5 35. cxd5 Nf3+ 36. Kf1 e4 37. Red1 d3 38. Ng1 Nxh2+ 39. Kg2 Ng4 40. Nh3 Nxf2 41. Nxf2 Rc7 42. Nxd3 exd3 43. Rxd3 Rxa7 44. d6 Rd7 45. Rb5 Rf8 46. Rdd5 Kg8 47. Kf3 h6 48. Rxf5 Rxf5 49. Rxf5 Rxd6 50. g4 Rd3+ 51. Kg2 Kh7 52. Ra5 Kg6 53. Ra6+ Bf6 54. Rb6 Kf7 55. Ra6 Rb3 56. Rc6 Kg7 57. Rc7+ Kf8 58. Rc6 Ke7 59. Ra6 Kf7 60. Ra7+ Kg6 61. Ra6 Rd3 62. Ra5 Be7 63. Ra6+ Bd6 64. Kf2 Kf6 65. Ke2 Rd5 66. g5+ hxg5 67. fxg5+ Kxg5 68. Ke3 Kf5 69. Ra8 Bc5+ 70. Ke2 Bd4 71. Kd3 Be5+ 72. Kc4 Ke4 73. Ra2 Rd4+ 74. Kc5 Bf4 75. Ra8 Rd1 76. Ra4+ Ke5 77. Kc4 Rd4+ 78. Kb3 Rd5 79. Kc3 Be3 80. Ra8 Bd4+ 81. Kd3 Bg1+ 82. Kc4 Rd4+ 83. Kc3 Rd7 84. Re8+ Kd5 85. Kd3 Bd4 86. Rg8 Be5 87. Ke3 Rh7 88. Rd8+ Bd6 89. Kf3 Rg7 90. Kf2 Rg6 91. Kf3 Rg3+ 92. Kf2 Ra3 93. Ke2 Ke5 94. Rh8 Ke4 95. Kd2 Ra2+ 96. Kc1 Bc5 97. Kb1 Rf2 98. Rc8 Kd4 99. Kc1 Rg2 100. Kb1 Kd5 101. Kc1 Bd4 102. Kb1 Rb2+ 103. Kc1 Ra2 104. Rc2 Ra1+ 105. Kd2 Ke4 106. Rc4 Ra2+ 107. Rc2 Ra1 108. Ke2 Rh1 109. Rc8 Rh2+ 110. Kf1 Be3 111. Rf8 Bf4 112. Ke1 Kf3 113. Kd1 Rd2+ 114. Ke1 Rc2 115. Rd8 Rc3 116. Rd7 Rc2 117. Rd8 Rc1+ 1/2-1/2

[Event "GER-ch 80th"]
[Site "Saarbruecken"]
[Date "2009.02.11"]
[Round "6"]
[White "Bischoff, Klaus"]
[Black "Zude, Erik"]
[Result "1-0"]
[WhiteElo "2545"]
[BlackElo "2397"]
[EventDate "2009.02.06"]
[PlyCount "75"]

1. c4 Nf6 2. Nc3 g6 3. e4 d6 4. d4 Bg7 5. h3 O-O 6. Bg5 h6 7. Be3 e5 8. d5 Na6 9. Bd3 Nc5 10. Bc2 a5 11. Nge2 Bd7 12. g4 c6 13. Ng3 cxd5 14. cxd5 b5 15. Qd2 b4 16. Nd1 Nh7 17. Bxh6 Bxh6 18. Qxh6 Qg5 19. Qxg5 Nxg5 20. Kf1 Nf3 21. Kg2 Nh4+ 22. Kh2 Nf3+ 23. Kg2 Nd4 24. Ne3 Rfc8 25. Rac1 Nxc2 26. Rxc2 Nd3 27. Rd2 Bb5 28. Ne2 a4 29. Rhd1 a3 30. Rxd3 axb2 31. R3d2 Rxa2 32. Rb1 b3 33. Rbxb2 Bd3 34. Rxa2 bxa2 35. Rxa2 Bxe4+ 36. f3 Bd3 37. Ng3 f6 38. Ne4 1-0

[Event "GER-ch 80th"]
[Site "Saarbruecken"]
[Date "2009.02.11"]
[Round "6"]
[White "Boidman, Yuri"]
[Black "Deglmann, Ludwig"]
[Result "1-0"]
[WhiteElo "2415"]
[BlackElo "2325"]
[EventDate "2009.02.06"]
[PlyCount "43"]

1. e4 e6 2. Qe2 Be7 3. Nf3 d5 4. d3 Nf6 5. g3 c5 6. Bg2 Nc6 7. e5 Nd7 8. O-O b5 9. Re1 Bb7 10. h4 h6 11. h5 Qc7 12. c4 bxc4 13. dxc4 d4 14. Bf4 Nf8 15. g4 f5 16. exf6 Qxf4 17. fxe7 Nxe7 18. Nxd4 cxd4 19. Bxb7 Rd8 20. Qf3 Qg5 21. Ba6 Nf5 22. Qxf5 1-0

[Event "GER-ch 80th"]
[Site "Saarbruecken"]
[Date "2009.02.11"]
[Round "6"]
[White "Fridman, Daniel"]
[Black "Hausrath, Daniel"]
[Result "1-0"]
[WhiteElo "2650"]
[BlackElo "2493"]
[EventDate "2009.02.06"]
[PlyCount "95"]

1. d4 Nf6 2. Nf3 g6 3. c4 Bg7 4. Nc3 O-O 5. Bg5 c5 6. d5 d6 7. e3 h6 8. Bh4 e6 9. Nd2 Na6 10. Be2 Nc7 11. O-O exd5 12. cxd5 b5 13. Bxb5 Nxb5 14. Nxb5 Ba6 15. a4 Qd7 16. Nc4 Bxb5 17. axb5 Qxb5 18. Nxd6 Qxb2 19. Ra6 Rad8 20. e4 Rxd6 21. Rxd6 Nxe4 22. Rc6 Nc3 23. Qd3 Bd4 24. Be7 Nxd5 25. Bxc5 Nf4 26. Bxd4 Qxd4 27. Qxd4 Ne2+ 28. Kh1 Nxd4 29. Ra6 h5 30. Rxa7 Nf5 31. Rfa1 Re8 32. Ra8 Rxa8 33. Rxa8+ Kg7 34. Kg1 Kf6 35. Kf1 Nd4 36. Ke1 Ne6 37. Ke2 Nf4+ 38. Kf3 Ne6 39. Ra6 Kf5 40. Ke3 Ke5 41. Ra5+ Kf6 42. Ke4 Ng5+ 43. Kd5 Ne6 44. g3 Ng5 45. Ra6+ Kg7 46. f4 Nh7 47. Ke5 Nf8 48. Rd6 1-0

[Event "GER-ch 80th"]
[Site "Saarbruecken"]
[Date "2009.02.11"]
[Round "6"]
[White "Hirneise, Jens"]
[Black "Westphal, Wolfgang"]
[Result "1-0"]
[WhiteElo "2325"]
[BlackElo "2242"]
[EventDate "2009.02.06"]
[PlyCount "89"]

1. e4 c5 2. Nf3 Nc6 3. d4 cxd4 4. Nxd4 e5 5. Nb5 a6 6. Nd6+ Bxd6 7. Qxd6 Qf6 8. Qc7 Qe7 9. Nc3 Nb4 10. Bd3 d5 11. Qb6 d4 12. Na4 Nf6 13. Bd2 Nc6 14. Nc5 O-O 15. O-O Qd8 16. Qxd8 Rxd8 17. f4 Nd7 18. Nxd7 Bxd7 19. a3 f6 20. f5 Rac8 21. g4 Ne7 22. a4 b5 23. b3 Ra8 24. h4 Rdb8 25. g5 Bc6 26. Kh2 Kf7 27. Rg1 Ng8 28. Rg4 fxg5 29. hxg5 Ne7 30. Rh4 Kg8 31. Kg3 g6 32. Bb4 Nc8 33. fxg6 hxg6 34. a5 Rb7 35. Rah1 Rg7 36. Rh8+ Kf7 37. Rf8+ Ke6 38. Rhh8 Kd7 39. Bc5 Kc7 40. b4 Bd7 41. Rf6 Rb8 42. Bf8 Re7 43. Bxe7 Nxe7 44. Rxb8 Kxb8 45. Rf7 1-0

[Event "GER-ch 80th"]
[Site "Saarbruecken"]
[Date "2009.02.11"]
[Round "6"]
[White "Hundack, Rolf"]
[Black "Stahr, Ralf Peter"]
[Result "1-0"]
[WhiteElo "2139"]
[BlackElo "2158"]
[EventDate "2009.02.06"]
[PlyCount "81"]

1. c4 Nf6 2. Nc3 c5 3. g3 e6 4. Nf3 d5 5. cxd5 exd5 6. d4 h6 7. Bg2 Nc6 8. O-O Be6 9. Be3 c4 10. h3 Bb4 11. Ne5 O-O 12. g4 Bxc3 13. bxc3 Ne4 14. Qc2 f5 15. f3 Ng3 16. Rfb1 Nxe5 17. dxe5 fxg4 18. hxg4 b6 19. Bf2 Nf5 20. gxf5 Bxf5 21. Qd2 Bxb1 22. Rxb1 Qd7 23. f4 Rad8 24. Rd1 Qg4 25. Be3 h5 26. Rf1 Rfe8 27. Rf3 Re6 28. Kf1 Rc6 29. Bh3 Qh4 30. Bf2 Qe7 31. Qd4 h4 32. f5 Rh6 33. f6 Qa3 34. Qg4 Qc1+ 35. Kg2 g5 36. Qe6+ Kh8 37. Qe7 Rg8 38. f7 Rhg6 39. fxg8=Q+ Rxg8 40. Qf6+ Rg7 41. Qf8+ 1-0

[Event "GER-ch 80th"]
[Site "Saarbruecken"]
[Date "2009.02.11"]
[Round "6"]
[White "Malek, Daniel"]
[Black "Strohhaeker, Raoul"]
[Result "0-1"]
[WhiteElo "2306"]
[BlackElo "2451"]
[EventDate "2009.02.06"]
[PlyCount "66"]

1. d4 d5 2. c4 c6 3. Nf3 Nf6 4. e3 e6 5. b3 Bd6 6. Bb2 O-O 7. Nbd2 Nbd7 8. Bd3 b6 9. Ne5 Bb7 10. O-O c5 11. f4 Ne4 12. Nxe4 dxe4 13. Be2 Nb8 14. Qc2 f6 15. Ng4 Qe7 16. a3 a5 17. Nf2 f5 18. Nd1 Nd7 19. Nc3 cxd4 20. exd4 Rae8 21. Nb5 Bb8 22. a4 g5 23. Ba3 Qg7 24. fxg5 Qxg5 25. Nd6 Qh6 26. Qc1 e3 27. Bf3 Be4 28. g3 Nf6 29. Bxe4 Ng4 30. Qc2 fxe4 31. Nxe4 Rf2 32. Nf6+ Qxf6 33. Qe4 h5 0-1

[Event "GER-ch 80th"]
[Site "Saarbruecken"]
[Date "2009.02.11"]
[Round "6"]
[White "Mayer, Frank1"]
[Black "Mueller, Hans Georg"]
[Result "1/2-1/2"]
[WhiteElo "2331"]
[BlackElo "2250"]
[EventDate "2009.02.06"]
[PlyCount "26"]

1. e4 e6 2. d4 d5 3. exd5 exd5 4. Nf3 Bd6 5. c4 Nf6 6. Nc3 c6 7. Bg5 dxc4 8. Bxc4 O-O 9. O-O Nbd7 10. Re1 Nb6 11. Bb3 Bg4 12. Qd3 Bxf3 13. Qxf3 Nbd7 1/2-1/2

[Event "GER-ch 80th"]
[Site "Saarbruecken"]
[Date "2009.02.11"]
[Round "6"]
[White "Mehlhorn, Uwe"]
[Black "Gross, Georg"]
[Result "0-1"]
[WhiteElo "2151"]
[BlackElo "2351"]
[EventDate "2009.02.06"]
[PlyCount "68"]

1. g3 f5 2. Bg2 Nf6 3. c4 g6 4. f4 Bg7 5. Nf3 d6 6. Nc3 c6 7. Qb3 Qc7 8. d4 Na6 9. O-O Be6 10. Qa4 O-O 11. Kh1 Kh8 12. Be3 Bg8 13. Bg1 Nd7 14. d5 Nb6 15. Qb3 e5 16. fxe5 dxe5 17. e4 cxd5 18. cxd5 Nc5 19. Qb5 Nxe4 20. Nxe4 fxe4 21. Ng5 Nxd5 22. Nxe4 Rxf1 23. Rxf1 a6 24. Qe2 Ne7 25. Nc5 Nc6 26. Qe4 Rd8 27. Rc1 Bd5 28. Qe2 Qf7 29. Rf1 Qe7 30. b3 a5 31. Ne4 Nd4 32. Qd2 b6 33. Ng5 Bxg2+ 34. Qxg2 Qxg5 0-1

[Event "GER-ch 80th"]
[Site "Saarbruecken"]
[Date "2009.02.11"]
[Round "6"]
[White "Meier, Georg"]
[Black "Khenkin, Igor"]
[Result "1/2-1/2"]
[WhiteElo "2608"]
[BlackElo "2644"]
[EventDate "2009.02.06"]
[PlyCount "51"]

1. d4 d5 2. c4 e6 3. Nf3 Nf6 4. g3 dxc4 5. Bg2 Bb4+ 6. Bd2 a5 7. Qc2 Bxd2+ 8. Qxd2 c6 9. a4 b5 10. axb5 cxb5 11. Qg5 O-O 12. Qxb5 Ba6 13. Qa4 Qb6 14. Nbd2 Nc6 15. Nxc4 Qb4+ 16. Qxb4 Nxb4 17. Ne3 Bb5 18. Ne5 Ra6 19. Bb7 Ra7 20. Bf3 Rd8 21. O-O Rxd4 22. Rfc1 Rd8 23. Rc5 Rb8 24. N3c4 Bxc4 25. Rxc4 g6 26. h4 1/2-1/2

[Event "GER-ch 80th"]
[Site "Saarbruecken"]
[Date "2009.02.11"]
[Round "6"]
[White "Oberhofer, Andre"]
[Black "Hirneise, Tobias"]
[Result "1/2-1/2"]
[WhiteElo "2202"]
[BlackElo "2426"]
[EventDate "2009.02.06"]
[PlyCount "54"]

1. e4 e5 2. f4 Bc5 3. Nf3 d6 4. Bc4 Nf6 5. fxe5 dxe5 6. d3 Nc6 7. Qe2 Bg4 8. Bb5 Qd6 9. Nbd2 O-O 10. Nc4 Bxf3 11. Qxf3 Nd4 12. Nxd6 Nxf3+ 13. gxf3 Bxd6 14. Be3 c6 15. Bc4 Nd7 16. Ke2 Bc5 17. f4 Bxe3 18. Kxe3 Rfe8 19. fxe5 Nxe5 20. Bb3 Rad8 21. Rad1 Re7 22. d4 Nd7 23. Kf3 g6 24. Rhe1 Kg7 25. e5 Rde8 26. Re3 Nf8 27. c3 a6 1/2-1/2